00413nam a22001457a 4500008004100000040001800041041000800059100002900067245004500096260004800141300001800189500002100207600001700228650002200245130821s1925 fr gr fre  aCo-BoUCMbspa00afre aLouys, Pierred1870-192503aL'ecrépuscule de nymphescPierre Louys aParís (Francia)bEditions Montaignec1925 a176 páginas aIncluye índice aCastro Silva04aPoesía francesa